[Event "TCh-RUS Women 2020"]
[Site "Sochi RUS"]
[Date "2020.11.28"]
[Round "9.1"]
[Board "3"]
[White "Shestakova, Ekaterina"]
[Black "Voit, Daria"]
[Result "0-1"]
[BlackTitle "WGM"]
[WhiteElo "1966"]
[BlackElo "2353"]
[WhiteTeam "Turbonasos (Voronezhskaya oblast)"]
[BlackTeam "FShM (Moskva)"]
[WhiteFideId "34166383"]
[BlackFideId "4182146"]
[EventDate "2020.11.19"]

1. e4 c5 2. c3 Nf6 3. e5 Nd5 4. d4 cxd4 5. cxd4 d6 6. Nf3 Nc6 7. Bc4 Nb6 8. Bb5
dxe5 9. Nxe5 Bd7 10. Nxd7 Qxd7 11. O-O e6 12. Nc3 Rd8 13. Be3 Be7 14. Qg4 O-O
15. Rad1 g6 16. Rd3 a6 17. Bxc6 Qxc6 18. Bh6 Rfe8 19. Rfd1 Rd7 20. h4 Nd5 21.
Rh3 Nf6 22. Qf4 Nh5 23. Qe3 Red8 24. g4 Nf6 25. Qe5 Qc7 26. Qxc7 Rxc7 27. Rg3
Rcd7 28. Be3 e5 29. Ne2 Ne4 30. Rh3 Bc5 31. Nc3 Nxc3 32. bxc3 exd4 33. Bg5 dxc3
34. Rxd7 Rxd7 35. Rxc3 Bd4 36. Rc8+ Kg7 37. Kg2 f6 38. Bf4 Kf7 39. Kf3 Ke6 40.
Ke2 f5 41. f3 fxg4 42. fxg4 Rf7 43. Bg3 Kd5 44. Re8 b6 45. Rd8+ Kc4 46. Rd6 Re7+
47. Kd2 Re4 48. g5 Rg4 49. Be1 Rg2+ 0-1

[Event "TCh-RUS Women 2020"]
[Site "Sochi RUS"]
[Date "2020.11.28"]
[Round "9.1"]
[Board "4"]
[White "Dordzhieva, Dinara"]
[Black "Lesnykh, Zhanna"]
[Result "1-0"]
[WhiteTitle "WGM"]
[WhiteElo "2352"]
[BlackElo "1755"]
[WhiteTeam "FShM (Moskva)"]
[BlackTeam "Turbonasos (Voronezhskaya oblast)"]
[WhiteFideId "24157570"]
[BlackFideId "44146957"]
[EventDate "2020.11.19"]

1. d4 d5 2. c4 e6 3. Nf3 Nf6 4. Nc3 c6 5. Bg5 Nbd7 6. e3 Qa5 7. Bxf6 Nxf6 8. Bd3
Bb4 9. Qc2 dxc4 10. Bxc4 O-O 11. O-O c5 12. Ne4 Nxe4 13. Qxe4 cxd4 14. exd4 Rb8
15. d5 exd5 16. Bxd5 Bd7 17. Ng5 g6 18. Bxf7+ Rxf7 19. Nxf7 Bc6 20. Qe5 Qxe5 21.
Nxe5 Bb5 22. Rfd1 Re8 23. Rd5 Ba6 24. Rad1 Be7 25. Rd7 Bf6 26. f4 Bxe5 27. Rd8
Kf7 28. Rxe8 Bxf4 29. Re4 Bg5 30. Rd7+ Kf6 31. g4 h5 32. h4 Bc1 33. Rd6+ Kf7 34.
g5 Bxb2 35. Rd7+ Kf8 36. Re6 Bc3 37. Rxg6 Be1 38. Rh6 Ke8 39. Rc7 Kd8 40. Rg7 1-0

[Event "TCh-RUS Women 2020"]
[Site "Sochi RUS"]
[Date "2020.11.28"]
[Round "9.2"]
[Board "1"]
[White "Afonasieva, Anna"]
[Black "Pogonina, Natalija"]
[Result "0-1"]
[WhiteTitle "WIM"]
[BlackTitle "WGM"]
[WhiteElo "2316"]
[BlackElo "2475"]
[WhiteTeam "Achimgaz QNAO (QNAO)"]
[BlackTeam "Yugra (KhMAO-Yugra)"]
[WhiteFideId "24173606"]
[BlackFideId "4147855"]
[EventDate "2020.11.19"]

1. d4 Nf6 2. Bf4 d5 3. e3 c5 4. c3 Nc6 5. Nd2 cxd4 6. exd4 Bf5 7. Qb3 Qc8 8.
Ngf3 e6 9. Be2 Be7 10. O-O O-O 11. h3 Ne4 12. Nxe4 Bxe4 13. Qd1 Na5 14. Nd2 Bg6
15. b4 Nc6 16. a4 Qd8 17. Nb3 Bd6 18. Qd2 Rc8 19. a5 Ne7 20. Rfc1 Nf5 21. Be5
Qc7 22. g4 Ne7 23. Nc5 Bxe5 24. dxe5 b6 25. axb6 axb6 26. Na4 Rb8 27. f4 f6 28.
exf6 Rxf6 29. Rf1 Be4 30. c4 dxc4 31. Nc3 Bb7 32. Qd4 Nd5 33. Nxd5 Bxd5 34. g5
Rff8 35. b5 c3 36. Ra3 Rbc8 37. Rc1 c2 38. Ra4 Bb3 39. Rb4 Rfd8 40. Qe3 Rd1+ 41.
Kh2 Rxc1 42. Qxc1 Qc5 43. Rxb3 Qf2+ 44. Kh1 Qxe2 0-1

[Event "TCh-RUS Women 2020"]
[Site "Sochi RUS"]
[Date "2020.11.28"]
[Round "9.2"]
[Board "2"]
[White "Girya, Olga"]
[Black "Semenova, Elena1"]
[Result "1/2-1/2"]
[WhiteTitle "WGM"]
[BlackTitle "WIM"]
[WhiteElo "2469"]
[BlackElo "2299"]
[WhiteTeam "Yugra (KhMAO-Yugra)"]
[BlackTeam "Achimgaz QNAO (QNAO)"]
[WhiteFideId "4195752"]
[BlackFideId "24125148"]
[EventDate "2020.11.19"]

1. d4 Nf6 2. c4 e6 3. Nf3 b6 4. g3 Ba6 5. b3 Bb4+ 6. Bd2 Be7 7. Nc3 Bb7 8. Bg2
d5 9. cxd5 exd5 10. O-O O-O 11. Rc1 Nbd7 12. Ne5 c5 13. Nxd7 Qxd7 14. Bg5 cxd4
15. Qxd4 h6 16. Bxf6 Bxf6 17. Qd3 Rad8 18. Rfd1 Bxc3 19. Rxc3 d4 20. Bxb7 Qxb7
21. Rc4 Rfe8 22. Rd2 Qd5 23. Rc7 a5 24. Rdc2 g6 25. R2c6 Rd6 26. Rxd6 Qxd6 27.
Qc4 Re6 28. Rc8+ Kg7 29. Kf1 h5 30. Ra8 Qe5 31. Rd8 Rd6 32. Rxd6 Qxd6 33. h4 f5
34. f4 Kf6 35. Qb5 Ke6 36. Kf2 Qc5 37. Qe8+ Kf6 38. Qd8+ Ke6 39. Qe8+ Kf6 40.
Kf1 Qc1+ 41. Kg2 Qc2 42. Qd8+ Kf7 43. Qd7+ Kf8 44. Kf2 Qc5 45. Kg2 Qc2 46. Qd6+
Kf7 47. Qd5+ Kf8 48. Kf2 Qe4 49. Qd6+ Kf7 50. Qc7+ Kf8 51. Qxb6 Qe3+ 52. Kf1
Qxg3 53. Qf6+ Ke8 54. Qe6+ Kf8 55. Qf6+ Ke8 56. Qxd4 Qxh4 57. Qe5+ Kf7 58. Qc7+
Ke6 59. Qc6+ Kf7 60. Qd5+ Ke7 61. Qf3 Kd6 62. Qe3 Qh1+ 63. Kf2 Qh2+ 64. Kf1 Qh1+
65. Kf2 Qh2+ 66. Kf1 Qh1+ 1/2-1/2

[Event "TCh-RUS Women 2020"]
[Site "Sochi RUS"]
[Date "2020.11.28"]
[Round "9.2"]
[Board "3"]
[White "Vasilevich, Irina"]
[Black "Badelka, Olga"]
[Result "0-1"]
[WhiteTitle "IM"]
[BlackTitle "IM"]
[WhiteElo "2258"]
[BlackElo "2427"]
[WhiteTeam "Achimgaz QNAO (QNAO)"]
[BlackTeam "Yugra (KhMAO-Yugra)"]
[WhiteFideId "4141296"]
[BlackFideId "13509926"]
[EventDate "2020.11.19"]

1. e4 c5 2. Nf3 d6 3. d4 cxd4 4. Nxd4 Nf6 5. Nc3 a6 6. Bc4 e6 7. Bb3 Qc7 8. O-O
Nc6 9. Be3 Be7 10. f4 O-O 11. Qf3 Na5 12. f5 Nxb3 13. cxb3 Bd7 14. Rac1 Qa5 15.
a3 Rac8 16. b4 Qd8 17. Rfd1 Qe8 18. Kh1 h6 19. Bf2 b5 20. Qe2 Nh7 21. a4 Bg5 22.
Ra1 Rc4 23. axb5 axb5 24. Ra7 Bf4 25. fxe6 fxe6 26. Be3 Bxe3 27. Qxe3 Rxb4 28.
Nf3 Rxb2 29. Rxd6 Qg6 30. Ne2 Bc8 31. h3 Nf6 32. Nd2 b4 33. Ng1 Rxd2 34. Rxd2
Nxe4 35. Nf3 Nxd2 36. Qxd2 Qe4 37. Qb2 Bb7 38. Ra4 Rxf3 39. gxf3 Qxf3+ 40. Kh2
Qh1+ 41. Kg3 Qg1+ 0-1

[Event "TCh-RUS Women 2020"]
[Site "Sochi RUS"]
[Date "2020.11.28"]
[Round "9.2"]
[Board "4"]
[White "Kovanova, Baira"]
[Black "Stroganova, Karina"]
[Result "1-0"]
[WhiteTitle "WGM"]
[WhiteElo "2323"]
[BlackElo "1826"]
[WhiteTeam "Yugra (KhMAO-Yugra)"]
[BlackTeam "Achimgaz QNAO (QNAO)"]
[WhiteFideId "4164083"]
[BlackFideId "24140546"]
[EventDate "2020.11.19"]

1. d4 d5 2. c4 dxc4 3. Nf3 a6 4. e3 b5 5. a4 Bb7 6. b3 Nf6 7. bxc4 bxc4 8. Bxc4
e6 9. O-O Be7 10. Qe2 O-O 11. Nbd2 Nbd7 12. e4 c5 13. Bb2 cxd4 14. Nxd4 Nc5 15.
Rfd1 Qc7 16. Rac1 Qa5 17. N4b3 Nxb3 18. Nxb3 Qxa4 19. Bxf6 Bxf6 20. Nc5 Qc6 21.
Bd3 Rfc8 22. Rc2 Be7 23. Nxb7 Qxb7 24. Rb2 Qa7 25. e5 a5 26. h4 a4 27. h5 a3 28.
Ra2 Rab8 29. Bb1 Rb3 30. Rad2 Qb6 31. Qe4 g6 32. hxg6 hxg6 33. Rd7 Rb4 34. Qd3
Bh4 35. Rxf7 Rg4 36. Qd7 Bxf2+ 37. Kf1 1-0

[Event "TCh-RUS Women 2020"]
[Site "Sochi RUS"]
[Date "2020.11.28"]
[Round "9.3"]
[Board "1"]
[White "Ovod, Evgenija"]
[Black "Goltseva, Ekaterina"]
[Result "0-1"]
[WhiteTitle "IM"]
[BlackTitle "FM"]
[WhiteElo "2338"]
[BlackElo "2306"]
[WhiteTeam "SShOR ShSh-1 (g.Sankt-Peterburg)"]
[BlackTeam "FShNO (Nizhegorodskaya oblast)"]
[WhiteFideId "4131827"]
[BlackFideId "24173770"]
[EventDate "2020.11.19"]

1. e4 e6 2. d4 d5 3. Nd2 Be7 4. Bd3 c5 5. dxc5 Nf6 6. Qe2 O-O 7. Ngf3 Nfd7 8.
Nb3 a5 9. a4 Na6 10. e5 Ndxc5 11. Nbd4 Nxd3+ 12. Qxd3 Nc5 13. Qe3 Bd7 14. b3 Ne4
15. O-O Rc8 16. Bb2 Bc5 17. Ne1 f6 18. Nd3 Bb6 19. c4 dxc4 20. Qxe4 f5 21. Nxf5
Rxf5 22. bxc4 Bc6 23. Qe2 Qg5 24. Ne1 Rcf8 25. Bc1 Rxf2 26. Rxf2 Rxf2 27. Qxf2
Bxf2+ 28. Kxf2 Qf5+ 29. Kg1 Qxe5 30. Nc2 Be4 31. Ba3 Bxc2 32. Rf1 Qe3+ 33. Kh1
Qxa3 0-1

[Event "TCh-RUS Women 2020"]
[Site "Sochi RUS"]
[Date "2020.11.28"]
[Round "9.3"]
[Board "2"]
[White "Vifleemskaia, Svetlana"]
[Black "Belenkaya, Dina"]
[Result "1/2-1/2"]
[WhiteTitle "WFM"]
[BlackTitle "WGM"]
[WhiteElo "1911"]
[BlackElo "2283"]
[WhiteTeam "FShNO (Nizhegorodskaya oblast)"]
[BlackTeam "SShOR ShSh-1 (g.Sankt-Peterburg)"]
[WhiteFideId "4129490"]
[BlackFideId "24142654"]
[EventDate "2020.11.19"]

1. d4 d5 2. c4 dxc4 3. Nf3 Nf6 4. e3 e6 5. Bxc4 a6 6. O-O b5 7. Bd3 Bb7 8. Qe2
Nbd7 9. a4 b4 10. Nbd2 c5 11. Nc4 Qc7 12. Rd1 Be7 13. Nfe5 O-O 14. a5 Rfd8 15.
Bd2 Bd5 16. Rdc1 Qb7 17. f3 h6 18. Be1 Rdc8 19. Bh4 Bxc4 20. Nxc4 Qa7 21. Bxf6
Bxf6 22. Be4 Rab8 23. d5 Rd8 24. f4 exd5 25. Bxd5 Nf8 26. Rd1 Qe7 27. Qf3 Ne6
28. Kf2 Nc7 29. Bc6 Qe6 30. Qe4 Qg4 31. Qf3 Qh4+ 32. Kg1 g6 33. Rxd8+ Rxd8 34.
Rd1 g5 35. Rxd8+ Bxd8 36. g3 Qh3 37. Qg2 Qe6 38. Qe4 Bf6 39. Qxe6 fxe6 40. Kf2
Kf8 41. Kf3 Ke7 42. Ke4 g4 43. f5 h5 44. Kf4 Nd5+ 45. Ke4 Nc7 46. Kf4 Nd5+ 47.
Ke4 Nc7 48. Kf4 Nd5+ 1/2-1/2

[Event "TCh-RUS Women 2020"]
[Site "Sochi RUS"]
[Date "2020.11.28"]
[Round "9.3"]
[Board "3"]
[White "Styazhkina, Anna"]
[Black "Zavivaeva, Emilia"]
[Result "0-1"]
[WhiteTitle "WIM"]
[BlackTitle "WCM"]
[WhiteElo "2319"]
[BlackElo "1790"]
[WhiteTeam "SShOR ShSh-1 (g.Sankt-Peterburg)"]
[BlackTeam "FShNO (Nizhegorodskaya oblast)"]
[WhiteFideId "24119300"]
[BlackFideId "34127531"]
[EventDate "2020.11.19"]

1. e4 c5 2. Nf3 Nc6 3. Bb5 g6 4. Bxc6 dxc6 5. d3 Bg7 6. h3 e5 7. Nc3 Qd6 8. Be3
Nf6 9. Qd2 O-O 10. Bh6 Re8 11. Bxg7 Kxg7 12. O-O b6 13. Rad1 Nh5 14. Ne2 Ba6 15.
b3 Rad8 16. Nh2 Nf6 17. Ng3 Bc8 18. f4 exf4 19. Rxf4 h5 20. Rdf1 Re6 21. Nf3 Nd7
22. Ng5 Rf6 23. e5 Qxe5 24. Nxf7 Kxf7 25. Ne4 Rxf4 26. Rxf4+ Kg7 27. Ng5 Nf6 28.
Nf3 Qe7 29. Qc3 Qe3+ 0-1

[Event "TCh-RUS Women 2020"]
[Site "Sochi RUS"]
[Date "2020.11.28"]
[Round "9.3"]
[Board "4"]
[White "Zavivaeva, Evelina"]
[Black "Chernyak, Viktoria"]
[Result "0-1"]
[WhiteTitle "WCM"]
[BlackTitle "WGM"]
[WhiteElo "1589"]
[BlackElo "2325"]
[WhiteTeam "FShNO (Nizhegorodskaya oblast)"]
[BlackTeam "SShOR ShSh-1 (g.Sankt-Peterburg)"]
[WhiteFideId "44127839"]
[BlackFideId "24165956"]
[EventDate "2020.11.19"]

1. e4 c6 2. d4 d5 3. exd5 cxd5 4. Bd3 Nc6 5. c3 Qc7 6. Nf3 Bg4 7. O-O e6 8. b4
Nf6 9. Nbd2 Bd6 10. h3 Bh5 11. Nb3 O-O 12. Nc5 Ne7 13. Bd2 Rac8 14. Rc1 b6 15.
Na6 Qb7 16. b5 Ne4 17. Be2 Ba3 18. Rc2 Nd6 19. Ne5 Nxb5 20. Bxh5 Qxa6 21. Qg4
Ng6 22. Bxg6 hxg6 23. Re1 Qa4 24. Nxf7 Qxc2 25. Qxe6 Rce8 26. Nh6+ Kh7 27. Qg4
Qxd2 28. Rxe8 Qxf2+ 29. Kh2 Rxe8 30. Qd7 Qf4+ 0-1

[Event "TCh-RUS Women 2020"]
[Site "Sochi RUS"]
[Date "2020.11.28"]
[Round "9.4"]
[Board "1"]
[White "Elnikova, Milena"]
[Black "Gritsayeva, Oksana"]
[Result "0-1"]
[BlackTitle "WFM"]
[WhiteElo "1435"]
[BlackElo "2351"]
[WhiteTeam "NIU BelGU (Belgorodskaya oblast)"]
[BlackTeam "Kimmeriya (Respublika Krym)"]
[WhiteFideId "54151503"]
[BlackFideId "14104652"]
[EventDate "2020.11.19"]

1. d4 Nf6 2. Bf4 c5 3. e3 Qb6 4. c3 Qxb2 5. Nd2 Nc6 6. a3 Qxc3 7. Ne2 Qa5 8. Nc1
cxd4 9. Nb3 Qf5 10. Nc4 dxe3 11. Bxe3 d5 12. Nb2 e5 13. Bd3 Qg4 14. O-O Qxd1 15.
Rfxd1 Be7 16. f3 O-O 17. Re1 Be6 18. Bc5 Nd7 19. Bxe7 Nxe7 20. Rac1 Rac8 21. Na4
Rxc1 22. Rxc1 Rc8 23. Nac5 Nxc5 24. Rxc5 b6 25. Rxc8+ Nxc8 26. Kf2 Nd6 27. a4 a5
28. Nd2 Kf8 29. Ke2 Ke7 30. Kd1 h5 31. Kc2 Bd7 32. Kb3 Nb7 33. Ka3 h4 34. g3 Nc5
35. Bc2 h3 36. Bd1 f5 37. f4 exf4 38. gxf4 Ne6 39. Nf3 Nxf4 40. Nd4 g5 0-1

[Event "TCh-RUS Women 2020"]
[Site "Sochi RUS"]
[Date "2020.11.28"]
[Round "9.4"]
[Board "2"]
[White "Tomilova, Elena"]
[Black "Gubernatorova, Lyudmila"]
[Result "1-0"]
[WhiteTitle "WGM"]
[WhiteElo "2358"]
[BlackElo "2200"]
[WhiteTeam "Kimmeriya (Respublika Krym)"]
[BlackTeam "NIU BelGU (Belgorodskaya oblast)"]
[WhiteFideId "4162340"]
[BlackFideId "4123840"]
[EventDate "2020.11.19"]

1. Nf3 Nf6 2. c4 c5 3. g3 g6 4. Bg2 Bg7 5. Nc3 O-O 6. O-O Nc6 7. d4 cxd4 8. Nxd4
Nxd4 9. Qxd4 d6 10. Qd3 Bf5 11. e4 Be6 12. b3 Nd7 13. Be3 Qa5 14. Rac1 a6 15.
Bd2 Qh5 16. Qe2 Qxe2 17. Nxe2 Nc5 18. Nf4 a5 19. Rfd1 Bg4 20. f3 Be6 21. Be3
Rfd8 22. Rc2 Rac8 23. Bf1 Kf8 24. g4 Bd7 25. Nd5 Be8 26. Rcd2 e6 27. Nb6 Rc6 28.
Bg5 f6 29. Be3 Ke7 30. Na4 Nxa4 31. bxa4 Rdc8 32. Rb1 f5 33. exf5 gxf5 34. gxf5
exf5 35. Rxb7+ R6c7 36. Bg5+ Kf7 37. Rb6 Bxa4 38. Rbxd6 Re8 39. R2d5 Re5 40. Bd3
Rc5 41. Rxc5 Rxc5 42. Be3 Rc7 43. Rd5 Bc3 44. Rxf5+ Kg7 45. Rh5 Kg8 46. c5 Be8
47. Rg5+ Kf8 48. Bf4 Rb7 49. Bd6+ Kf7 50. Rf5+ Ke6 51. Rf8 Rg7+ 52. Kf1 Bh5 53.
Bc4+ Kd7 54. Bb5+ Ke6 55. a4 Bd4 56. Bc4+ Kd7 57. Bg3 Bg6 58. Bb5+ Ke6 59. c6
Bb6 60. Rb8 1-0

[Event "TCh-RUS Women 2020"]
[Site "Sochi RUS"]
[Date "2020.11.28"]
[Round "9.4"]
[Board "3"]
[White "Dorokhina, Elizaveta"]
[Black "Potapova, Margarita"]
[Result "0-1"]
[BlackTitle "WIM"]
[WhiteElo "1824"]
[BlackElo "2266"]
[WhiteTeam "NIU BelGU (Belgorodskaya oblast)"]
[BlackTeam "Kimmeriya (Respublika Krym)"]
[WhiteFideId "44172966"]
[BlackFideId "14126869"]
[EventDate "2020.11.19"]

1. e4 c5 2. Nf3 d6 3. d4 cxd4 4. Qxd4 Nc6 5. Bb5 Bd7 6. Bxc6 Bxc6 7. Bg5 h6 8.
Bh4 e5 9. Qd3 g5 10. Bg3 Qb6 11. Nc3 Qxb2 12. Rb1 Qa3 13. O-O Nf6 14. Nxe5 dxe5
15. Bxe5 Qe7 16. Bxf6 Qxf6 17. Nd5 Qe5 18. f4 gxf4 19. Rxf4 Bc5+ 20. Kf1 Bxd5
21. Rf5 Qd4 22. Qxd4 Bxd4 23. exd5 b6 24. Re1+ Kf8 25. Re4 Bc5 26. Ref4 Rh7 27.
g3 Re8 28. Rf6 Re5 29. c4 Ke7 30. Rc6 Kd7 31. a4 a5 32. Rg4 h5 33. Rg8 Re8 34.
Rxe8 Kxe8 35. h3 Kd7 36. Kg2 Rg7 37. Kf3 Rg6 38. Kf4 Rxc6 0-1

[Event "TCh-RUS Women 2020"]
[Site "Sochi RUS"]
[Date "2020.11.28"]
[Round "9.4"]
[Board "4"]
[White "Illina, Natalia"]
[Black "Tinina, Kristina"]
[Result "1-0"]
[WhiteTitle "WFM"]
[WhiteElo "2072"]
[BlackElo "1678"]
[WhiteTeam "Kimmeriya (Respublika Krym)"]
[BlackTeam "NIU BelGU (Belgorodskaya oblast)"]
[WhiteFideId "14129418"]
[BlackFideId "54113105"]
[EventDate "2020.11.19"]

1. e4 c5 2. Nf3 d6 3. d4 cxd4 4. Nxd4 Nf6 5. f3 Nc6 6. c4 e6 7. Nc3 Be7 8. Be3
a6 9. Qd2 Qc7 10. Rc1 O-O 11. Nd5 Qd8 12. Nxe7+ Qxe7 13. Be2 Rb8 14. O-O e5 15.
Nc2 Be6 16. Rfd1 Ne8 17. Bb6 Rc8 18. Ne3 Nb8 19. c5 dxc5 20. Bd8 Qd7 21. Qxd7
Nxd7 22. Be7 Nef6 23. Bxf8 Kxf8 24. Bc4 Bxc4 25. Nxc4 b5 26. Ne3 Rc6 27. g4 Nb6
28. Nf5 Ne8 29. Rd8 g6 30. Ne3 Ke7 31. Rb8 c4 32. Rxb6 1-0

[Event "TCh-RUS Women 2020"]
[Site "Sochi RUS"]
[Date "2020.11.28"]
[Round "9.5"]
[Board "1"]
[White "Protopopova, Anastasiya"]
[Black "Zherebtsova, Alexandra"]
[Result "1-0"]
[WhiteTitle "WFM"]
[BlackTitle "WFM"]
[WhiteElo "2267"]
[BlackElo "2204"]
[WhiteTeam "Moskovskaya oblast"]
[BlackTeam "Amazonki QDDA (Kurskaya oblast)"]
[WhiteFideId "24172073"]
[BlackFideId "24129518"]
[EventDate "2020.11.19"]

1. d4 d5 2. c4 e6 3. Nf3 Nf6 4. g3 g6 5. Bg2 Bg7 6. O-O O-O 7. Qc2 Nc6 8. Rd1
Qe7 9. Nbd2 Rd8 10. a3 e5 11. dxe5 Nxe5 12. cxd5 Nxf3+ 13. Bxf3 Nxd5 14. Nc4 Be6
15. h4 Qc5 16. Bg5 f6 17. b4 Nxb4 18. axb4 Qxc4 19. Qxc4 Bxc4 20. Bf4 Rxd1+ 21.
Rxd1 c6 22. Rd7 Ba6 23. Bd2 f5 24. g4 Bf6 25. gxf5 gxf5 26. Bg5 Bxg5 27. hxg5
Rf8 28. e4 Rf7 29. Rxf7 Kxf7 30. exf5 Bd3 31. Bh5+ Kf8 32. f6 b6 33. f4 a5 34.
bxa5 bxa5 35. Bd1 h6 36. Kf2 hxg5 37. fxg5 Bg6 38. Ke3 c5 39. Bb3 Ke8 40. Kd2
Kd7 41. Kc3 Bf5 42. Ba4+ Ke6 43. Be8 Bh7 44. Kc4 Bg8 45. Bg6 a4 46. Kc3 Bf7 47.
Bc2 Ke5 48. Kb2 Be8 49. Bxa4 Bf7 50. Bc2 c4 51. Kc3 Bg8 52. Kb4 Bf7 53. Kc5 Be6
54. Kc6 Bd5+ 55. Kd7 c3 56. Ke7 Be4 57. f7 1-0

[Event "TCh-RUS Women 2020"]
[Site "Sochi RUS"]
[Date "2020.11.28"]
[Round "9.5"]
[Board "3"]
[White "Smirnova, Ekaterina"]
[Black "Khokhlova, Daria"]
[Result "1/2-1/2"]
[WhiteTitle "WIM"]
[WhiteElo "2239"]
[BlackElo "2196"]
[WhiteTeam "Moskovskaya oblast"]
[BlackTeam "Amazonki QDDA (Kurskaya oblast)"]
[WhiteFideId "4110943"]
[BlackFideId "24182729"]
[EventDate "2020.11.19"]

1. d4 d5 2. c4 dxc4 3. e3 Nf6 4. Bxc4 e6 5. Nf3 a6 6. O-O b5 7. Be2 Bb7 8. a4 b4
9. Nbd2 Nbd7 10. a5 Be7 11. Nc4 O-O 12. b3 Ne4 13. Qc2 Nc3 14. Bd3 Bxf3 15. gxf3
g6 16. Bb2 c5 17. Bxc3 bxc3 18. dxc5 Nxc5 19. Rad1 Qd5 20. f4 Nxd3 21. Rxd3 Qh5
22. Qxc3 Qg4+ 23. Kh1 Qf3+ 24. Kg1 Qg4+ 25. Kh1 Qf3+ 26. Kg1 Qg4+ 1/2-1/2

[Event "TCh-RUS Women 2020"]
[Site "Sochi RUS"]
[Date "2020.11.28"]
[Round "9.6"]
[Board "1"]
[White "Getman, Tatyana"]
[Black "Grigorieva, Yulia"]
[Result "1-0"]
[WhiteTitle "WFM"]
[BlackTitle "WFM"]
[WhiteElo "2303"]
[BlackElo "2343"]
[WhiteTeam "SShOR ShSh-2 (g.Sankt-Peterburg)"]
[BlackTeam "SK Tolpar (Respublika Bashkortostan)"]
[WhiteFideId "34166146"]
[BlackFideId "34104868"]
[EventDate "2020.11.19"]

1. d4 Nf6 2. c4 g6 3. f3 d5 4. cxd5 Nxd5 5. e4 Nb6 6. Nc3 Bg7 7. Be3 c5 8. dxc5
Bxc3+ 9. bxc3 Qxd1+ 10. Rxd1 N6d7 11. Bb5 O-O 12. Ne2 a6 13. Ba4 Nc6 14. Bxc6
bxc6 15. Nd4 Nb8 16. Bf4 Bd7 17. Nb3 Be6 18. Na5 Rc8 19. a4 Nd7 20. Be3 Ne5 21.
Rd4 Rab8 22. O-O Rb2 23. Bf4 Nd7 24. Rfd1 Nxc5 25. Bh6 f6 26. Nxc6 Kf7 27. Rd8
g5 28. Rxc8 Bxc8 29. h4 Bd7 30. Nb4 a5 31. Nd3 Nxd3 32. Rxd3 Bxa4 33. hxg5 Bb3
34. Rd8 a4 35. Ra8 Rb1+ 36. Kh2 Ra1 37. gxf6 Kxf6 38. Be3 a3 39. c4 e5 40. Ra6+
Kf7 41. c5 a2 42. c6 Bc4 43. Ra7+ Ke6 44. Bd2 Kd6 45. c7 Be6 46. Bb4+ Kc6 47.
Bc3 Kb6 48. Bxa1 Kxa7 49. Bxe5 Kb7 50. Kg3 a1=Q 51. Bxa1 Kxc7 52. f4 Kd7 53. f5
Bb3 54. Kf4 Ke7 55. e5 h5 56. g3 Bd1 57. Bb2 Bg4 58. Ba3+ Kf7 59. e6+ Kf6 60.
Bb2+ Ke7 61. Ke5 Kf8 62. f6 h4 63. gxh4 Bh3 64. Ba3+ 1-0

[Event "TCh-RUS Women 2020"]
[Site "Sochi RUS"]
[Date "2020.11.28"]
[Round "9.6"]
[Board "3"]
[White "Pogorelskikh, Sofia"]
[Black "Idrisova, Roza"]
[Result "1-0"]
[BlackTitle "WFM"]
[WhiteElo "2128"]
[BlackElo "1960"]
[WhiteTeam "SShOR ShSh-2 (g.Sankt-Peterburg)"]
[BlackTeam "SK Tolpar (Respublika Bashkortostan)"]
[WhiteFideId "44164548"]
[BlackFideId "4146662"]
[EventDate "2020.11.19"]

1. e4 c6 2. d4 d5 3. Nd2 h6 4. Ngf3 dxe4 5. Nxe4 Bf5 6. Nc5 Qc7 7. Bc4 e6 8. c3
Nf6 9. Nd3 Bd6 10. Nfe5 Nbd7 11. Qe2 Nb6 12. Bb3 a5 13. Bc2 Nfd7 14. Bf4 Nxe5
15. Bxe5 Bxe5 16. dxe5 Rd8 17. O-O-O Rd5 18. Rhe1 O-O 19. Nf4 Rxd1+ 20. Rxd1
Bxc2 21. Kxc2 Rd8 22. Rxd8+ Qxd8 23. Qe4 Nd5 24. Nxd5 exd5 25. Qg4 Qe7 26. f4 a4
27. g3 g6 28. Qc8+ Kg7 29. Qa8 Qc5 30. Qxa4 Qf2+ 31. Kb3 Qxh2 32. Qd4 Qe2 33. a4
Kf8 34. Qb4+ Kg7 35. Qxb7 Qc4+ 36. Ka3 Qc5+ 37. Qb4 Qg1 38. Ka2 Qxg3 39. a5 Qd3
40. Qb6 Qc4+ 41. Ka3 c5 42. a6 Qf1 43. Ka4 Qa1+ 44. Kb5 Qxb2+ 45. Kc6 Qxc3 46.
a7 d4 47. Kc7 Qa3 48. Qf6+ Kg8 49. Qd8+ Kg7 50. a8=Q 1-0

[Event "TCh-RUS Women 2020"]
[Site "Sochi RUS"]
[Date "2020.11.28"]
[Round "9.6"]
[Board "4"]
[White "Absalyamova, Karina"]
[Black "Yurasova, Daria"]
[Result "0-1"]
[WhiteElo "1884"]
[BlackElo "2075"]
[WhiteTeam "SK Tolpar (Respublika Bashkortostan)"]
[BlackTeam "SShOR ShSh-2 (g.Sankt-Peterburg)"]
[WhiteFideId "24111732"]
[BlackFideId "34146919"]
[EventDate "2020.11.19"]

1. d4 Nf6 2. c4 e6 3. Nc3 Bb4 4. e3 b6 5. Nf3 Bb7 6. Bd3 c5 7. Bd2 cxd4 8. exd4
O-O 9. O-O Be7 10. Bf4 d6 11. Re1 Nbd7 12. Rc1 a6 13. b4 Rc8 14. Qe2 Re8 15. a3
Bf8 16. Nd2 e5 17. dxe5 Nxe5 18. Qf1 Nxd3 19. Qxd3 Rxe1+ 20. Rxe1 d5 21. Nxd5
Nxd5 22. cxd5 Qxd5 23. Qxd5 Bxd5 24. Ne4 Rc4 25. f3 f5 26. Rd1 Bc6 27. Rd8 fxe4
28. Bd6 Rc1+ 29. Kf2 e3+ 30. Kg3 Kf7 31. Rxf8+ Ke6 32. b5 Kxd6 33. bxc6 e2 34.
Rd8+ Kc7 0-1